| 000 | 01217naa a22003257a 4500 | ||
|---|---|---|---|
| 001 | BR9102025 | ||
| 003 | BR-BrBNA | ||
| 005 | 20240918180655.0 | ||
| 007 | ta | ||
| 008 | 230509b bl.||||| |||| 00| 0 por d | ||
| 040 |
_aBR-BrBNA _bpor _cBiblioteca Nacional de Agricultura |
||
| 041 | _a(Pt) | ||
| 072 |
_aF07; F01; N20 _b0430 _b4545 _bG514 |
||
| 090 | _aF07 BR9102025 | ||
| 100 | 1 | _aCarvalho, L.H. | |
| 111 | 1 |
_a4. Ciclo de Estudos sobre Mecanizacao Agricola _cJundiai, SP (Brazil) _d28-29 Nov 1989 |
|
| 245 | 1 | _aPreparo periodico do solo e colheita mecanizada na cultura do algodoeiro | |
| 260 | 3 |
_aCampinas, SP (Brasil): _c1990. |
|
| 500 | _aSilveira, G.M. da (ed.) 4. Ciclo de Estudos sobre Mecanizacao Agricola Campinas, SP (Brasil): 1990. p. 53-64 (BR9102025-AM)F07 | ||
| 650 | _aALGODAO | ||
| 650 | _aCULTIVO DO SOLO | ||
| 650 | _aARADO | ||
| 650 | _aPLANTIO | ||
| 650 | _aCOLHEITA MECANICA | ||
| 650 | _aCOLHEITADEIRA | ||
| 650 | _aSAO PAULO | ||
| 773 | 0 |
_t4. Ciclo de Estudos sobre Mecanizacao Agricola _aSilveira, G.M. da (ed.). Fundacao Cargill, Campinas, SP (Brasil) _wF07 BR9102025 _gCampinas, SP (Brasil), 1990. p. 53-64 |
|
| 909 |
_a202404 _bLucia _c55 _dLucia Elande |
||
| 942 |
_cAM _2AGRIS |
||
| 999 |
_c321615 _d321615 |
||